000 00212nam a22000857a 4500
008 161202b xxu||||| |||| 00| 0 eng d
100 _91769
_aNehemiah. A
245 _aThe Run away wheel
260 _aNew delhi
_bCBT
_c2011
999 _c4477
_d4477